[Event "CRO Team Cup 2018"]
[Site "Mali Losinj"]
[Date "2018.05.17"]
[Round "2.18"]
[White "Saric, Ante"]
[Black "Safar, Sandro"]
[Result "1-0"]
[WhiteElo "2535"]
[BlackElo "2235"]
[Annotator "TA"]
[PlyCount "73"]
[EventDate "2018.??.??"]
[EventType "team-tourn"]
[EventCountry "CRO"]
[SourceTitle "playchess.com"]
[Source "ChessBase"]
[SourceQuality "1"]

{[%evp 13,73,68,76,57,56,33,34,33,68,62,58,53,60,66,60,65,83,66,61,62,258,256,261,260,277,239,343,290,270,243,244,248,252,135,634,612,631,629,601,628,635,625,632,631,625,603,625,625,1091,1089,1088,1055,1087,1083,1154,1140,1104,1056,6079,6079,5406,5293]} 1. e4 d6 2. d4 g6 3. c4 Bg7 4. Nc3 Nd7 5. Nf3 c6 6. Be2 {A42: Modern Defence: Averbakh Variation} Qc7 (6... e5 7. O-O Ngf6 8. Re1 O-O 9. Bf1 a6 10. d5 c5 11. g3 Ne8 12. Bg2 Rb8 13. a3 b6 14. Rb1 h6 15. b4 Kh7 16. Qc2 Qc7 17. Qd3 Ra8 18. Bd2 {1-0 (47) Deac,B (2559)-Nevednichy,V (2541) Medias 2016}) 7. O-O Ngf6 {LiveBook: 7 Games} 8. Re1 {White is better.} e5 9. h3 O-O 10. Be3 Re8 11. d5 Nc5 12. Nd2 a5 13. a3 $36 {[%mdl 2048] Black is under pressure.} Bd7 $146 ({Predecessor:} 13... b6 14. b4 axb4 15. axb4 Rxa1 16. Qxa1 {1-0 (50) Manukyan,S (2198)-Andreev,V (2258) Moscow 2009}) 14. b4 Na6 15. Qb3 axb4 16. axb4 Rec8 $2 (16... c5 $14) 17. dxc6 $18 bxc6 18. c5 Qb7 19. Bc4 Bf8 (19... dxc5 $142 20. Bxf7+ Kh8) 20. cxd6 ({But not} 20. Bxf7+ Kg7 $18) 20... Bxd6 21. Bxf7+ Kg7 22. Nc4 Bc7 23. Bg5 (23. f4 $18 exf4 24. Bd4) 23... Qxb4 $2 {[%mdl 8192]} (23... Rf8 $16) 24. Bxf6+ $1 {White is clearly winning.} Kxf6 {[#]} 25. Nd5+ $1 {[%mdl 512]} cxd5 {[#]} 26. Rxa6+ $1 {[%mdl 512]} Rxa6 27. Qxb4 dxc4 28. Bxc4 Ba5 29. Qb3 Bxe1 30. Qf3+ Kg7 31. Qf7+ ({Less strong is} 31. Bxa6 Rf8 $16) 31... Kh6 32. Bxa6 Ra8 33. Bb7 Rd8 34. Qe7 Ba5 35. Qxe5 Bb6 36. Qf4+ Kg7 37. Qd6 {Precision: White = 72%, Black = 36%.} 1-0

[Event "CRO Team Cup 2018"]
[Site "Mali Losinj"]
[Date "2018.05.19"]
[Round "2.19"]
[White "Tomulic, Teo"]
[Black "Plenca, Julijan"]
[Result "0-1"]
[WhiteElo "2273"]
[BlackElo "2413"]
[Annotator "TA"]
[PlyCount "90"]
[EventDate "2018.??.??"]
[EventType "team-tourn"]
[EventCountry "CRO"]
[SourceTitle "playchess.com"]
[Source "ChessBase"]
[SourceQuality "1"]

{[%evp 13,90,17,24,27,14,0,0,-1,5,6,66,48,104,103,92,0,0,0,0,0,86,87,114,83,70,61,80,27,97,85,91,92,113,19,42,43,78,72,139,67,106,119,109,-150,-139,-135,-139,-130,-111,-183,-133,-151,-147,-429,-122,-310,-308,-491,-212,-303,-145,-501,-327,-529,-245,-523,-393,-395,-391,-680,-666,-618,-560,-1063,-1056,-1962,-1886,-1409,-1310]} 1. e4 e6 2. d4 d5 3. Nd2 Nc6 4. Ngf3 Nf6 5. e5 Nd7 6. c3 f6 7. exf6 Qxf6 {LiveBook: 135 Games} 8. g3 {C04: French Tarrasch: 3...Nc6} (8. Bd3 e5 9. O-O Bd6 10. Qc2 e4 11. Bxe4 dxe4 12. Nxe4 Qg6 13. Nxd6+ Qxd6 14. Re1+ Kf8 15. b4 Qg6 16. Qxg6 hxg6 {1-0 (27) Cukrowski,F (2372)-Stupak,K (2562) Bialystok 2016}) 8... e5 9. Qe2 $146 ({Predecessor:} 9. Bg2 e4 10. Ng1 Nb6 11. Ne2 Bf5 12. O-O O-O-O 13. a4 a5 14. b3 h5 15. h4 Qf7 {0-1 (36) Segovic,G (2191)-Plenca,J (2345) Bol 2013}) 9... Be7 10. Bg2 {The position is equal.} e4 11. Ng1 $1 Qg6 (11... O-O $11) 12. f3 Nf6 ({Black should try} 12... exf3 $14 13. Ngxf3 O-O) 13. fxe4 $16 dxe4 14. Nxe4 (14. Nh3 $1 $16) 14... O-O $1 $11 {Strongly threatening ...Bg4.} 15. Nxf6+ Bxf6 16. Nf3 Bf5 (16... Re8 $1 $11 17. Be3 Bg4) 17. O-O $1 $16 Bd3 18. Qe6+ Kh8 {And now ...Rae8 would win.} 19. Re1 Rae8 20. Qd7 (20. Qd5 $16) 20... Be4 (20... Rxe1+ $11 21. Nxe1 Ba6) 21. Bf4 Re7 22. Qh3 Rfe8 23. Rec1 ({Better is} 23. Bd2 $16) 23... Bf5 24. Nh4 Bxh4 25. Qxh4 Be4 (25... h6 $142) 26. Bg5 (26. Qg5 $16) 26... Bxg2 27. Bxe7 Bd5 28. Rf1 $2 {[%mdl 8192]} (28. c4 $16 {is necessary to keep the advantage.}) 28... Nxe7 $17 29. Rae1 Ng8 $1 {...Rxe1 is the strong threat.} 30. Qf4 h6 ({Don't play} 30... Bxa2 $6 31. Qxc7 Bd5 32. Rxe8 $11) 31. Qf2 (31. Rxe8 $17 Qxe8 32. Qe5) 31... Re4 $40 {[%mdl 128] Black has strong attack.} 32. b3 {[#]} b5 $1 33. Re3 $2 {[%mdl 8192]} (33. Qc2 $17) 33... Nf6 $2 (33... Rxe3 $19 34. Qxe3 Qc2) 34. Rfe1 $2 (34. Qc2 $17 {was the only defense.}) 34... Rxe3 $19 35. Rxe3 (35. Qxe3 {only move.} Qc2 36. Qf2 Qxc3 37. Qe3) 35... a5 (35... Ng4 $142 36. Qf8+ Kh7) 36. Re5 {[#]} (36. Qd2 {might work better.}) 36... c6 (36... Ng4 $1 $19 {[%cal Rg4f2]} 37. Qf8+ Kh7 38. Rxd5 Qb1+ 39. Qf1 Qxf1+ 40. Kxf1 Ne3+ 41. Ke2 Nxd5) 37. Re3 $2 {[%mdl 8192]} (37. Qf5 $17 {is a better chance.} Qxf5 38. Rxf5) 37... a4 38. bxa4 $2 (38. Qb2 axb3 39. axb3) 38... bxa4 (38... Ng4 $142 39. Qf8+ Kh7) 39. a3 $2 (39. Re7) 39... Qb1+ 40. Re1 Qb3 41. h3 $2 (41. Qe3) 41... Qxa3 {Black is clearly winning.} 42. Qc2 Qb3 43. Qxb3 axb3 44. g4 Be4 45. Re2 Bc2 {Precision: White = 20%, Black = 30%.} 0-1

[Event "CRO Team Cup 2018"]
[Site "Mali Losinj"]
[Date "2018.05.19"]
[Round "2.20"]
[White "Bobanac, Miro"]
[Black "Zekic, Patrik"]
[Result "1-0"]
[WhiteElo "2276"]
[BlackElo "1525"]
[Annotator "NA"]
[PlyCount "97"]
[EventDate "2018.??.??"]
[EventType "team-tourn"]
[EventCountry "CRO"]
[SourceTitle "playchess.com"]
[Source "ChessBase"]
[SourceQuality "1"]
[TimeControl "40/5400+30:1800+30"]

1. Nf3 {[%emt 0:00:30]} d5 {[%emt 0:03:00]} 2. g3 {[%emt 0:01:30]} Nf6 {[%emt 0:00:30]} 3. Bg2 {[%emt 0:00:30]} Bf5 {[%emt 0:06:30]} 4. c4 {[%emt 0:02:30]} c6 {[%emt 0:15:30]} 5. Qb3 {[%emt 0:03:30]} Qb6 {[%emt 0:10:30]} 6. d3 {[%emt 0:01:30]} e6 {[%emt 0:13:30] LiveBook: 35 Games A11: English Opening: 1...c6} 7. O-O {[%emt 0:03:30]} Bd6 {[%emt 0:08:30]} (7... Nbd7 8. cxd5 exd5 9. Qc2 Qc5 10. Qd1 Be7 11. Nc3 Rd8 12. Be3 Qa5 13. a3 a6 14. b4 Qc7 {½-½ (37) Tomashevsky,E (2710)-Vallejo Pons,F (2717) Tbilisi 2017}) 8. Be3 $146 {[%emt 0:02:30]} ({Predecessor:} 8. Nc3 Nbd7 9. Be3 Qc7 10. Rac1 dxc4 11. Qxc4 a6 12. Nd4 Bg6 13. b4 Nb6 14. Qb3 {1-0 (55) De la Fuente Gonzalez,F (2242)-Avendano Mateos,I (1912) Madrid 2007}) 8... Qxb3 {[%emt 0:03:30]} 9. axb3 {[%emt 0:00:30]} a6 {[%emt 0:02:30]} 10. Nc3 {[%emt 0:01:30]} Nbd7 {[%emt 0:02:30]} 11. Na4 {[%emt 0:04:30]} O-O {[%emt 0:03:30]} 12. Rfc1 {[%emt 0:09:30]} Ng4 {[%emt 0:12:23]} 13. Bd2 {[%emt 0:02:30]} Ngf6 {[%emt 0:08:05]} 14. Ba5 {[%emt 0:05:30]} Rac8 {[%emt 0:02:09]} 15. c5 {[%emt 0:01:30]} Bc7 {[%emt 0:00:53]} 16. Bxc7 {[%emt 0:05:30]} Rxc7 {[%emt 0:00:07]} 17. Nd2 {[%emt 0:07:30]} e5 {[%emt 0:02:17]} 18. b4 {[%emt 0:01:30]} Be6 {[%emt 0:02:33]} 19. e4 {[%emt 0:02:30]} d4 {[%emt 0:00:38]} ({Better is} 19... Rd8 $15) 20. b3 {[%emt 0:00:30]} g5 {[%emt 0:00:29]} 21. Nb2 {[%emt 0:00:30]} g4 {[%emt 0:00:45]} 22. Nbc4 {[%emt 0:00:30]} Bxc4 {[%emt 0:00:14]} 23. bxc4 {[%emt 0:00:30]} Rb8 {[%emt 0:00:43]} 24. Rcb1 {[%emt 0:00:30]} Rbc8 {[%emt 0:00:33]} 25. h3 {[%emt 0:10:30]} h5 {[%emt 0:00:29]} 26. f3 {[%emt 0:00:30]} gxf3 {[%emt 0:00:37]} 27. Nxf3 {[%emt 0:01:30]} Kh7 {[%emt 0:00:30]} 28. Nh4 {[%emt 0:02:30]} Rg8 {[%emt 0:00:26]} 29. Kh2 {[%emt 0:02:30]} Ne8 {[%emt 0:00:34]} 30. Rf1 {[%emt 0:00:30]} f6 {[%emt 0:00:25]} 31. Nf5 {[%emt 0:01:30]} Ng7 {[%emt 0:00:35]} 32. Nd6 {[%emt 0:00:30]} Ne6 {[%emt 0:00:31]} 33. h4 {[%emt 0:00:30]} Ng7 {[%emt 0:00:29]} 34. Bh3 {[%emt 0:00:30]} Rf8 {[%emt 0:00:31]} 35. Ra2 {[%emt 0:01:30]} Ne8 {[%emt 0:00:33]} 36. Raf2 {[%emt 0:02:30]} Ng7 {[%emt 0:00:26]} 37. Bxd7 {[%emt 0:02:40]} Rxd7 {[%emt 0:00:02]} 38. Rxf6 {[%emt 0:00:20]} Rxf6 {[%emt 0:00:35]} 39. Rxf6 {[%emt 0:00:30]} Kg8 {[%emt 0:00:19]} 40. Kh3 {[%emt 0:00:30]} Re7 {[%emt 0:01:39]} 41. Rh6 {[%emt 0:02:30]} Rd7 {[%emt 0:04:30]} 42. Rg6 {[%emt 0:06:30]} Kh7 {[%emt 0:02:30]} 43. Rg5 {[%emt 0:00:30]} Re7 {[%emt 0:00:30]} 44. Kg2 {[%emt 0:04:30]} Kh6 {[%emt 0:02:30] [#]} 45. Rxg7 $1 {[%emt 0:01:30]} Rxg7 {[%emt 0:01:30]} 46. Nf5+ {[%emt 0:00:00]} Kg6 {[%emt 0:00:30]} 47. Nxg7 {[%emt 0:00:00]} Kxg7 {[%emt 0:00:00]} 48. g4 {[%emt 0:00:30]} hxg4 {[%emt 0:02:19]} 49. Kg3 {[%emt 0:00:30]} 1-0

[Event "CRO Team Cup 2018"]
[Site "Mali Losinj"]
[Date "2018.05.18"]
[Round "2.21"]
[White "Pavic, Filip"]
[Black "Lalic, Bogdan"]
[Result "1/2-1/2"]
[WhiteElo "2233"]
[BlackElo "2396"]
[Annotator "NA"]
[PlyCount "34"]
[EventDate "2018.??.??"]
[EventType "team-tourn"]
[EventCountry "CRO"]
[SourceTitle "playchess.com"]
[Source "ChessBase"]
[SourceQuality "1"]
[TimeControl "40/5400+30:1800+30"]

{[%evp 19,34,9,32767,32767,32767,32767,32767,21,41,37,43,33,50,49,34,54,69]} 1. e4 {[%emt 0:00:30]} c5 {[%emt 0:05:00]} 2. Nf3 {[%emt 0:00:30]} Nc6 {[%emt 0:00:30]} 3. d4 {[%emt 0:00:30]} cxd4 {[%emt 0:00:30]} 4. Nxd4 {[%emt 0:00:30]} Nf6 {[%emt 0:00:00]} 5. Nc3 {[%emt 0:00:00]} e5 {[%emt 0:00:00]} 6. Ndb5 {[%emt 0:01:00]} d6 {[%emt 0:00:00]} 7. Nd5 {[%emt 0:01:30]} Nxd5 {[%emt 0:00:00]} 8. exd5 {[%emt 0:00:30]} Nb8 {[%emt 0:00:30]} 9. a4 {[%emt 0:02:30]} Be7 {[%emt 0:00:30]} 10. Be2 {[%emt 0:01:30] LiveBook: 92 Games} O-O {[%emt 0:00:30]} 11. O-O {[%emt 0:01:30]} a6 {[%emt 0:00:30]} 12. Na3 {[%emt 0:00:00]} Nd7 {[%emt 0:00:30]} 13. Nc4 {[%emt 0:05:00]} Nb6 {[%emt 0:01:30]} 14. Nxb6 {[%emt 0:08:30]} Qxb6 {[%emt 0:00:30]} 15. a5 {[%emt 0:01:30]} Qc7 {[%emt 0:00:30]} 16. Be3 {[%emt 0:02:30]} f5 {[%emt 0:00:30]} 17. c4 {[%emt 0:09:30]} Bf6 $14 {[%emt 0:01:30]} 1/2-1/2

[Event "CRO Team Cup 2018"]
[Site "Mali Losinj"]
[Date "2018.05.19"]
[Round "2.22"]
[White "Plenkovic, Zdenko"]
[Black "Radenic, Filip"]
[Result "1-0"]
[WhiteElo "2403"]
[BlackElo "2177"]
[Annotator "ChessBase"]
[PlyCount "119"]
[EventDate "2018.??.??"]
[EventType "team-tourn"]
[EventCountry "CRO"]
[SourceTitle "playchess.com"]
[Source "ChessBase"]
[SourceQuality "1"]
[TimeControl "40/5400+30:1800+30"]

1. e4 {[%emt 0:05:30]} e6 {[%emt 0:01:00]} 2. d4 {[%emt 0:00:30]} d5 {[%emt 0:00:00]} 3. Nc3 {[%emt 0:00:00]} Nf6 {[%emt 0:00:00]} 4. e5 {[%emt 0:00:00]} Nfd7 {[%emt 0:00:30]} 5. f4 {[%emt 0:00:30]} c5 {[%emt 0:00:00]} 6. Nf3 {[%emt 0:00:00]} Nc6 {[%emt 0:00:00]} 7. Bd3 {[%emt 0:00:00]} cxd4 {[%emt 0:06:30]} 8. Ne2 {[%emt 0:03:30]} f5 {[%emt 0:01:30]} 9. O-O {[%emt 0:00:30]} Be7 {[%emt 0:02:30]} 10. Kh1 {[%emt 0:06:30]} O-O {[%emt 0:04:30]} 11. a3 {[%emt 0:05:30]} a5 {[%emt 0:03:30]} 12. b3 {[%emt 0:03:30]} Nc5 {[%emt 0:04:30]} 13. Bb2 {[%emt 0:06:30]} Bd7 {[%emt 0:02:30]} 14. Nexd4 {[%emt 0:04:30]} Qb6 {[%emt 0:05:30]} 15. Nxc6 {[%emt 0:12:30]} bxc6 {[%emt 0:00:30]} 16. Bd4 {[%emt 0:00:30]} Qb7 {[%emt 0:02:30]} 17. Bxc5 {[%emt 0:01:30]} Bxc5 {[%emt 0:00:30]} 18. g4 {[%emt 0:01:30]} Be3 {[%emt 0:11:30]} 19. gxf5 {[%emt 0:03:30]} exf5 {[%emt 0:06:30]} 20. Qe1 {[%emt 0:08:30]} d4 {[%emt 0:01:30]} 21. Bc4+ {[%emt 0:01:30]} Kh8 {[%emt 0:00:30]} 22. Qg3 {[%emt 0:08:30]} c5 {[%emt 0:00:30]} 23. h4 {[%emt 0:01:30]} Qe4 {[%emt 0:02:30]} 24. Rae1 {[%emt 0:09:57]} Bxf4 {[%emt 0:04:30]} 25. Rxe4 {[%emt 0:00:08]} Bxg3 {[%emt 0:00:00]} 26. Re2 {[%emt 0:00:03]} Bc6 {[%emt 0:00:00]} 27. h5 {[%emt 0:02:52]} Rae8 {[%emt 0:03:30]} 28. e6 {[%emt 0:00:54]} Rf6 {[%emt 0:02:30]} 29. Kg2 {[%emt 0:01:42]} Bf4 {[%emt 0:01:30]} 30. Kh3 {[%emt 0:00:04]} Rh6 {[%emt 0:02:30]} 31. Nh4 {[%emt 0:01:12]} Rxh5 {[%emt 0:08:30]} 32. Rxf4 {[%emt 0:00:11]} g5 {[%emt 0:00:30]} 33. Rxf5 {[%emt 0:01:13]} Rxh4+ {[%emt 0:00:30]} 34. Kg3 {[%emt 0:00:29]} Re4 {[%emt 0:01:30]} 35. Rxe4 {[%emt 0:02:52]} Bxe4 {[%emt 0:00:30]} 36. Rxg5 {[%emt 0:00:34]} Bxc2 {[%emt 0:00:30]} 37. Kf4 {[%emt 0:00:11]} a4 {[%emt 0:03:30]} 38. bxa4 {[%emt 0:00:55]} Bxa4 {[%emt 0:00:00]} 39. Rxc5 {[%emt 0:02:08]} Kg7 {[%emt 0:02:11]} 40. Rc7+ {[%emt 0:00:00]} Kg6 {[%emt 0:01:19]} 41. Ke5 {[%emt 0:01:35]} Bc2 {[%emt 0:02:30]} 42. Bb5 {[%emt 0:05:30]} Rb8 {[%emt 0:00:30]} 43. Bc6 {[%emt 0:00:30]} Kg5 {[%emt 0:02:30]} 44. Kxd4 {[%emt 0:01:30]} Kf6 {[%emt 0:00:30]} 45. Bd5 {[%emt 0:02:30]} Bg6 {[%emt 0:02:30]} 46. Rc3 {[%emt 0:02:30]} Rd8 {[%emt 0:01:30]} 47. Rf3+ {[%emt 0:00:30]} Ke7 {[%emt 0:00:00]} 48. Ke5 {[%emt 0:00:30]} Rc8 {[%emt 0:01:00]} 49. Rb3 {[%emt 0:00:30]} Rc7 {[%emt 0:00:30]} 50. a4 {[%emt 0:04:30]} Bc2 {[%emt 0:02:30]} 51. Ra3 {[%emt 0:02:30]} Ra7 {[%emt 0:01:30]} 52. a5 {[%emt 0:01:30]} Ra6 {[%emt 0:00:30]} 53. Rc3 {[%emt 0:00:30]} Bg6 {[%emt 0:00:30]} 54. Rc7+ {[%emt 0:00:30]} Kd8 {[%emt 0:00:00]} 55. Rc5 {[%emt 0:00:00]} Ke7 {[%emt 0:00:00]} 56. Bc4 {[%emt 0:02:31]} Ra7 {[%emt 0:00:30]} 57. a6 {[%emt 0:01:45]} Bh5 {[%emt 0:00:30]} 58. Kd4 {[%emt 0:04:02]} Bg6 {[%emt 0:01:30]} 59. Rb5 {[%emt 0:01:02]} Kd6 {[%emt 0:02:30]} 60. Rb7 {[%emt 0:00:49]} 1-0

[Event "CRO Team Cup 2018"]
[Site "Mali Losinj"]
[Date "2018.05.19"]
[Round "2.23"]
[White "Nemec, Vjekoslav"]
[Black "Loncar, Robert"]
[Result "0-1"]
[WhiteElo "2202"]
[BlackElo "2412"]
[Annotator "TA"]
[PlyCount "48"]
[EventDate "2018.??.??"]
[EventType "team-tourn"]
[EventCountry "CRO"]
[SourceTitle "playchess.com"]
[Source "ChessBase"]
[SourceQuality "1"]

{[%evp 19,48,30,58,58,56,0,200,0,0,0,14,-10,4,0,5,6,23,16,16,22,18,0,0,-293,-281,-589,-568,-798,-795,-754,-739]} 1. e4 c5 2. Nf3 e6 3. c3 Nf6 4. e5 Nd5 5. d4 cxd4 6. cxd4 b6 7. Nc3 Nxc3 8. bxc3 Bb7 9. Bd3 {B22: Sicilian: 2 c3} d6 (9... Qc7 10. O-O Qxc3 11. Rb1 Be7 12. Rb3 Qc7 13. Ng5 Bd5 14. Rb2 Bxg5 15. Bxg5 Nc6 16. Qg4 {0-1 (37) Huerga Leache,M (2450)-Granda Zuniga,J (2688) Atarrabia 2016}) 10. O-O Be7 {LiveBook: 9 Games} 11. exd6 {White is slightly better.} Bxd6 12. c4 (12. Ng5 $14) 12... O-O $146 {[#]} (12... Nd7 $11) ({Predecessor:} 12... Nd7 13. Bb2 O-O 14. Qe2 Qc7 15. h3 Rfe8 {0-1 (32) Krush,I (2461)-Purtseladze,M (2348) Batumi 2012}) 13. Re1 $2 (13. Bxh7+ $1 $18 Kxh7 14. Ng5+ Kg6 15. Re1) 13... Nd7 $11 14. Bb2 Rc8 15. Rc1 Rc7 16. Qe2 Nf6 17. Ne5 Qa8 18. Ng4 Nxg4 19. Qxg4 {Strongly threatening d5.} f5 {[%cal Bf7f5,Bf5f4][%mdl 32]} 20. Qg5 Rf6 $36 {[%mdl 2048] [#] ...Rg6 is the strong threat. Black has the initiative.} 21. f3 $2 {[%mdl 8192]} (21. d5 $11 Rg6 22. Qd2) 21... Rg6 $19 22. Qe3 $2 (22. Qd2 {nothing else works.} Bxf3 23. Bf1) 22... Bxf3 $1 {Black is clearly winning.} 23. d5 Bxg2 24. Kf2 f4 {Precision: White = 18%, Black = 55%.} 0-1

[Event "CRO Team Cup 2018"]
[Site "Mali Losinj"]
[Date "2018.05.17"]
[Round "2.24"]
[White "Sale, Srdjan"]
[Black "Pavic, Jakov"]
[Result "0-1"]
[WhiteElo "2430"]
[BlackElo "2164"]
[Annotator "TA"]
[PlyCount "58"]
[EventDate "2018.??.??"]
[EventType "team-tourn"]
[EventCountry "CRO"]
[SourceTitle "playchess.com"]
[Source "ChessBase"]
[SourceQuality "1"]

{[%evp 16,58,28,29,74,52,63,48,49,5,29,-12,-4,-58,-58,-43,-43,-45,-54,-58,-22,-110,-70,-86,-70,-70,-54,-60,-66,-93,-93,-512,-508,-519,-505,-501,-495,-498,-482,-561,-564,-673,-667,-659,-665]} 1. c4 c5 2. Nf3 Nf6 3. Nc3 Nc6 4. e3 d5 5. cxd5 Nxd5 6. Bb5 Nxc3 7. bxc3 Bd7 8. O-O e6 9. d4 cxd4 {D41: Queen's Gambit Declined: Semi-Tarrasch with 5 cxd5} (9... Be7 10. Rb1 O-O 11. Re1 Qc7 12. e4 Rfd8 13. g3 Bf6 14. Bf4 Qa5 15. Bf1 cxd4 16. cxd4 b6 17. Bc7 {0-1 (42) Ganguly,S (2657)-Xiong,J (2640) Saint Louis 2018}) 10. cxd4 Be7 11. Qe2 $146 ({Predecessor:} 11. e4 O-O 12. Rb1 a6 13. Be2 b5 14. Bf4 Re8 15. Qd3 Rc8 16. Rfd1 Qb6 17. Rb2 {1-0 (37) Rasmussen,K (2460)-Neumeier,L (2250) Germany 2007}) 11... O-O {White is slightly better.} 12. Rd1 a6 13. Bd3 Nb4 14. Bb1 ({White should try} 14. Ba3 $11) 14... Ba4 $15 15. Rd2 Rc8 16. Bb2 Qa5 17. e4 Qb6 $36 {[%mdl 2048] Black has some pressure.} 18. e5 (18. h3 $11) 18... g6 19. Be4 Bc6 20. Ba3 Bxe4 21. Qxe4 Qc6 22. Qe2 Qc3 23. Bxb4 $4 {[%mdl 8192] [#]} (23. Bb2 $17 {was the crucial defense.} Qc4 24. Ba3) 23... Qxa1+ $19 {Black is clearly winning.} 24. Rd1 Rc1 25. Rxc1 Qxc1+ 26. Be1 Rd8 27. Qe4 Bb4 28. h4 Bxe1 29. Nxe1 Qd1 {Precision: White = 24%, Black = 78%.} 0-1